000 00582nam a22001937a 4500
005 20250724120906.0
010 _aENG-146111
020 _a9789367133910
_c1060.00
035 _aEN-129643
037 _bDBAD
082 _a621
_211
100 _aHibbeler, R.C.
_983253
245 _aMechanics of Materials/
_cR.C. Hibbeler
250 _a11
260 _aNoida
_bPearson India Education
_c2025
270 _a15th Floor, Towe-B, World Trade Tower, Plot No.1, Block-C, Sector-16
_bNoida
_e201301
300 _a886p.
_c25cm(pb)
_bIndex
942 _2ddc
_cEN
_h621
_mHIB
999 _c212542
_d212542